[Event "Aberto Brasil - II Niterói Chess Open "]
[Site "Salão de Convenções do Hot"]
[Date "2022.09.03"]
[Round "4.1"]
[White "Languidey, Simon Alejandro"]
[Black "Fier, Alexandr"]
[Result "0-1"]
[WhiteElo "2415"]
[BlackElo "2583"]
[PlyCount "66"]
[EventDate "2022.09.01"]
[EventRounds "9"]
[EventCountry "BRA"]

{[%evp 0,66,19,38,40,46,59,38,40,-7,0,-12,-22,-23,-20,-15,2,2,26,13,3,1,5,6,7,
0,-4,-8,-3,-47,-42,-45,-21,-22,-9,-23,26,-11,-33,-75,-71,-82,-72,-86,-91,-86,
-88,-97,-92,-80,-81,-88,-94,-106,-118,-140,-84,-252,-226,-269,-149,-181,-126,
-131,-101,-107,-110,-1308,-1321]} 1. e4 {[%emt 0:04:05]} c5 {[%emt 0:00:06]} 2.
Nc3 {[%emt 0:00:13]} e6 {[%emt 0:00:04]} 3. Nge2 {[%emt 0:00:40]} Nc6 {[%emt 0:
00:08]} 4. g3 {[%emt 0:01:02]} d5 {[%emt 0:00:05]} 5. exd5 {[%emt 0:03:52]}
exd5 {[%emt 0:00:05]} 6. Bg2 {[%emt 0:02:09]} d4 {[%emt 0:00:05]} 7. Nd5 {
[%emt 0:01:35]} Nf6 {[%emt 0:00:05]} 8. Nef4 {[%emt 0:07:33]} Nxd5 {[%emt 0:00:
06]} 9. Nxd5 {[%emt 0:01:15]} Bd6 {[%emt 0:00:04]} 10. d3 {[%emt 0:07:22]} O-O
{[%emt 0:02:07]} 11. O-O {[%emt 0:01:06]} Be6 {[%emt 0:00:04]} 12. Nf4 {
[%emt 0:05:00]} Bf5 {[%emt 0:03:52]} 13. h3 {[%emt 0:10:11]} Qd7 {[%emt 0:01:
07]} 14. Kh2 {[%emt 0:06:34]} Rae8 {[%emt 0:00:46]} 15. Bd2 {[%emt 0:01:25]} a5
{[%emt 0:03:27]} 16. Qf3 {[%emt 0:07:45]} a4 {[%emt 0:08:37]} 17. Rae1 {
[%emt 0:04:51]} Bxf4 {[%emt 0:01:27]} 18. Qxf4 {[%emt 0:01:59]} Be6 {[%emt 0:
00:24]} 19. Bxc6 {[%emt 0:07:03]} Qxc6 {[%emt 0:00:14]} 20. b3 {[%emt 0:00:45]}
h6 {[%emt 0:00:33]} 21. g4 {[%emt 0:03:28]} Bd5 {[%emt 0:02:55]} 22. Qg3 {
[%emt 0:03:48]} b5 {[%emt 0:01:51]} 23. Bf4 {[%emt 0:02:42]} Rxe1 {[%emt 0:03:
27]} 24. Rxe1 {[%emt 0:00:06]} Re8 {[%emt 0:00:02]} 25. Qg1 {[%emt 0:04:57]} c4
{[%emt 0:02:27]} 26. bxc4 {[%emt 0:01:01]} bxc4 {[%emt 0:00:11]} 27. dxc4 {
[%emt 0:03:42]} Bxc4 {[%emt 0:00:04]} 28. Re5 {[%emt 0:02:52]} Rxe5 {[%emt 0:
01:44]} 29. Bxe5 {[%emt 0:00:07]} Qe4 {[%emt 0:00:03]} 30. f4 {[%emt 0:02:40]}
Qxc2+ {[%emt 0:05:13]} 31. Qg2 {[%emt 0:01:42]} Qxg2+ {[%emt 0:00:05]} 32. Kxg2
{[%emt 0:00:16]} d3 {[%emt 0:00:01]} 33. Kf2 {[%emt 0:00:55]} d2 {[%emt 0:00:
05]} 0-1

[Event "Aberto Brasil - II Niterói Chess Open "]
[Site "Salão de Convenções do Hot"]
[Date "2022.09.03"]
[Round "4.2"]
[White "Delgado Ramirez, Neuris"]
[Black "Filgueiras, Nathan Felipe"]
[Result "1-0"]
[WhiteElo "2559"]
[BlackElo "2358"]
[PlyCount "99"]
[EventDate "2022.09.01"]
[EventRounds "9"]
[EventCountry "BRA"]

{[%evp 0,99,18,13,44,44,44,32,84,60,61,48,47,41,47,13,13,6,14,-9,34,-8,-8,-23,
46,46,46,48,48,62,67,47,52,52,52,54,54,54,42,45,52,49,54,51,74,55,97,91,109,
117,111,107,100,100,99,78,96,82,145,147,183,161,165,165,203,199,214,172,192,
102,111,101,138,138,139,139,139,139,138,133,183,183,265,120,98,105,258,186,195,
187,192,192,210,199,340,343,468,549,582,589,657,746]} 1. e4 {[%emt 0:07:53]} c5
{[%emt 0:00:06]} 2. Nf3 {[%emt 0:00:11]} Nc6 {[%emt 0:00:05]} 3. Bb5 {[%emt 0:
00:04]} e5 {[%emt 0:00:05]} 4. O-O {[%emt 0:00:15]} Bd6 {[%emt 0:00:04]} 5. a4
{[%emt 0:02:41]} Nf6 {[%emt 0:05:29]} 6. d3 {[%emt 0:01:02]} O-O {[%emt 0:08:
47]} 7. Nbd2 {[%emt 0:00:53]} Bc7 {[%emt 0:00:54]} 8. Nc4 {[%emt 0:00:30]} Re8
{[%emt 0:08:13]} 9. Bg5 {[%emt 0:01:45]} h6 {[%emt 0:05:45]} 10. Bh4 {[%emt 0:
02:55]} a6 {[%emt 0:12:15]} 11. Bxc6 {[%emt 0:02:09]} dxc6 {[%emt 0:00:17]} 12.
a5 {[%emt 0:09:36]} g5 13. Bg3 {[%emt 0:06:56]} Bg4 {[%emt 0:00:12]} 14. h3 Bh5
{[%emt 0:00:23]} 15. Qe2 {[%emt 0:02:52]} Nd7 {[%emt 0:00:39]} 16. Qe3 f6 {
[%emt 0:01:00]} 17. Nfd2 {[%emt 0:01:31]} Bf7 18. f3 {[%emt 0:03:32]} Qe7 {
[%emt 0:01:29]} 19. Bf2 {[%emt 0:02:06]} Bb8 20. Qe1 {[%emt 0:08:52]} Be6 {
[%emt 0:01:16]} 21. Ne3 {[%emt 0:03:35]} Nf8 22. Ndc4 {[%emt 0:06:59]} Bxc4 {
[%emt 0:00:07]} 23. Nxc4 Ba7 {[%emt 0:01:30]} 24. Ne3 Ne6 {[%emt 0:00:25]} 25.
Nf5 Qf8 {[%emt 0:00:19]} 26. Qc3 {[%emt 0:00:49]} Kh7 {[%emt 0:00:17]} 27. Qc4
{[%emt 0:04:18]} Rad8 28. b4 {[%emt 0:08:05]} Ra8 29. Rfb1 {[%emt 0:05:09]}
cxb4 {[%emt 0:01:32]} 30. Rxb4 {[%emt 0:02:20]} Bxf2+ {[%emt 0:00:04]} 31. Kxf2
{[%emt 0:07:19]} Rab8 {[%emt 0:00:23]} 32. Rab1 {[%emt 0:00:15]} Qc5+ {[%emt 0:
00:59]} 33. Qxc5 {[%emt 0:00:08]} Nxc5 {[%emt 0:00:28]} 34. Nd6 {[%emt 0:00:14]
} Re7 {[%emt 0:00:09]} 35. Rc4 {[%emt 0:00:24]} Re6 {[%emt 0:04:32]} 36. Rxc5 {
[%emt 0:00:02]} Rxd6 {[%emt 0:01:06]} 37. Rc4 {[%emt 0:01:09]} Kg7 {[%emt 0:00:
46]} 38. Rcb4 {[%emt 0:00:31]} Rd7 {[%emt 0:00:11]} 39. Rb6 c5 40. Rxa6 c4 41.
Ra7 cxd3 {[%emt 0:02:43]} 42. cxd3 {[%emt 0:00:07]} Rxd3 43. Rbxb7+ Rxb7 44.
Rxb7+ Kg6 45. a6 Ra3 46. a7 h5 47. g4 h4 {[%emt 0:12:11]} 48. Ke2 Ra2+ 49. Kd3
Ra1 50. Kc4 1-0

[Event "Aberto Brasil - II Niterói Chess Open "]
[Site "Salão de Convenções do Hot"]
[Date "2022.09.03"]
[Round "4.3"]
[White "Mekhitarian, Krikor Sevag"]
[Black "Limp, Eduardo Thelio"]
[Result "1/2-1/2"]
[WhiteElo "2535"]
[BlackElo "2298"]
[PlyCount "130"]
[EventDate "2022.09.01"]
[EventRounds "9"]
[EventCountry "BRA"]

{[%evp 0,130,13,33,24,-23,49,41,33,33,33,55,51,21,49,14,13,18,21,36,34,20,83,
75,71,77,95,83,40,14,27,23,23,23,73,46,179,96,108,106,102,100,102,102,110,110,
110,110,119,64,135,114,133,145,161,160,163,179,185,207,200,125,121,130,136,171,
162,48,44,82,85,91,84,100,107,103,111,118,118,123,122,130,124,132,133,105,148,
38,34,61,135,59,127,101,155,205,287,116,193,132,155,180,189,122,105,93,91,99,
97,97,97,95,108,92,97,100,95,99,87,88,103,78,78,82,79,71,79,17,98,94,94,87,87]
} 1. d4 {[%emt 0:07:41]} Nf6 {[%emt 0:00:10]} 2. c4 {[%emt 0:00:03]} g6 {
[%emt 0:00:07]} 3. Nc3 {[%emt 0:00:08]} Bg7 {[%emt 0:00:09]} 4. e4 {[%emt 0:00:
14]} d6 {[%emt 0:00:09]} 5. Be2 {[%emt 0:00:18]} O-O {[%emt 0:00:25]} 6. Be3 {
[%emt 0:00:06]} e5 {[%emt 0:01:41]} 7. d5 {[%emt 0:00:03]} a5 {[%emt 0:04:19]}
8. h4 {[%emt 0:00:08]} Na6 {[%emt 0:01:49]} 9. h5 {[%emt 0:01:45]} Nc5 {
[%emt 0:00:41]} 10. Qc2 {[%emt 0:07:28]} c6 {[%emt 0:12:55]} 11. h6 {[%emt 0:
35:26]} Bh8 {[%emt 0:00:20]} 12. O-O-O {[%emt 0:14:43]} cxd5 {[%emt 0:04:53]}
13. cxd5 {[%emt 0:03:45]} Ncxe4 {[%emt 0:10:39]} 14. Nxe4 {[%emt 0:00:12]} Bf5
{[%emt 0:00:12]} 15. Nxf6+ {[%emt 0:01:04]} Qxf6 {[%emt 0:01:55]} 16. Qa4 {
[%emt 0:00:37]} Rfc8+ {[%emt 0:06:02]} 17. Kd2 {[%emt 0:00:38]} e4 {[%emt 0:07:
56]} 18. Ke1 {[%emt 0:09:30]} Qxb2 {[%emt 0:04:56]} 19. g4 {[%emt 0:05:21]} b5
{[%emt 0:05:02]} 20. Qxb5 {[%emt 0:00:12]} Qxb5 {[%emt 0:00:15]} 21. Bxb5 {
[%emt 0:00:03]} Bxg4 {[%emt 0:00:09]} 22. Ne2 {[%emt 0:01:14]} Rc2 {[%emt 0:04:
28]} 23. Rd2 {[%emt 0:02:09]} Rac8 {[%emt 0:09:00]} 24. Bc6 {[%emt 0:00:39]}
Rxd2 {[%emt 0:01:09]} 25. Kxd2 {[%emt 0:00:05]} Rb8 {[%emt 0:00:18]} 26. Nd4 {
[%emt 0:00:24]} Rb4 {[%emt 0:03:48]} 27. Nc2 {[%emt 0:06:55]} Rb2 {[%emt 0:00:
16]} 28. Bf4 {[%emt 0:02:19]} Bf5 {[%emt 0:00:16]} 29. Rc1 {[%emt 0:00:41]} Bd4
{[%emt 0:05:50]} 30. Be3 {[%emt 0:00:03]} Be5 {[%emt 0:00:29]} 31. a4 {[%emt 0:
00:19]} Bg4 {[%emt 0:00:37]} 32. Ke1 {[%emt 0:01:00]} f5 {[%emt 0:02:06]} 33.
Bb5 {[%emt 0:00:52]} f4 {[%emt 0:00:48]} 34. Bd4 {[%emt 0:01:14]} Rxc2 {
[%emt 0:00:11]} 35. Rxc2 Bxd4 {[%emt 0:00:14]} 36. Rc4 Be5 {[%emt 0:00:48]} 37.
Rxe4 {[%emt 0:00:03]} Bf3 {[%emt 0:00:21]} 38. Rc4 {[%emt 0:00:49]} Bxd5 {
[%emt 0:00:11]} 39. Rc8+ {[%emt 0:00:32]} Kf7 {[%emt 0:00:25]} 40. Rc7+ {
[%emt 0:00:18]} Kf6 {[%emt 0:00:32]} 41. Rxh7 {[%emt 0:00:04]} Kg5 {[%emt 0:00:
09]} 42. Kf1 {[%emt 0:01:20]} Be4 {[%emt 0:02:14]} 43. Ra7 {[%emt 0:00:48]}
Kxh6 {[%emt 0:00:09]} 44. Rxa5 {[%emt 0:00:02]} g5 {[%emt 0:00:17]} 45. Bd7 {
[%emt 0:01:34]} Bf3 {[%emt 0:01:03]} 46. Rb5 {[%emt 0:00:25]} g4 {[%emt 0:00:
27]} 47. a5 {[%emt 0:00:20]} g3 {[%emt 0:00:46]} 48. fxg3 fxg3 {[%emt 0:00:13]}
49. Bh3 {[%emt 0:00:08]} Bc6 {[%emt 0:03:09]} 50. Rb8 {[%emt 0:00:33]} Bd5 {
[%emt 0:00:57]} 51. Rb4 {[%emt 0:01:10]} Bc3 {[%emt 0:01:47]} 52. Rh4+ {
[%emt 0:00:11]} Kg5 {[%emt 0:00:13]} 53. Rg4+ Kh5 {[%emt 0:00:21]} 54. a6 {
[%emt 0:00:51]} g2+ {[%emt 0:00:30]} 55. Kg1 {[%emt 0:00:50]} Ba5 {[%emt 0:00:
15]} 56. Kh2 {[%emt 0:00:58]} Bb6 {[%emt 0:00:58]} 57. Rg3 {[%emt 0:00:45]} Bc4
{[%emt 0:03:13]} 58. Bxg2 {[%emt 0:00:38]} Bxa6 {[%emt 0:00:15]} 59. Bf3+ {
[%emt 0:00:26]} Kh6 {[%emt 0:00:10]} 60. Be4 Bd4 {[%emt 0:00:29]} 61. Rg6+ {
[%emt 0:00:12]} Kh5 {[%emt 0:00:09]} 62. Kg3 {[%emt 0:00:46]} Be5+ {[%emt 0:00:
15]} 63. Kf3 {[%emt 0:00:19]} Bc8 {[%emt 0:00:28]} 64. Rg1 {[%emt 0:01:06]} Bd7
{[%emt 0:00:35]} 65. Rh1+ {[%emt 0:00:33]} Kg5 {[%emt 0:00:10]} 1/2-1/2

[Event "Aberto Brasil - II Niterói Chess Open "]
[Site "Salão de Convenções do Hot"]
[Date "2022.09.03"]
[Round "4.4"]
[White "Santiago, Yago De Moura"]
[Black "De Souza, Regis Gabetta"]
[Result "1-0"]
[WhiteElo "2490"]
[BlackElo "2245"]
[PlyCount "89"]
[EventDate "2022.09.01"]
[EventRounds "9"]
[EventCountry "BRA"]

{[%evp 0,89,24,-14,-12,-12,-19,-19,-18,-26,50,27,28,29,13,11,17,20,2,16,25,9,6,
33,25,27,42,42,39,46,75,74,86,64,74,85,68,66,66,72,72,62,66,56,79,73,72,89,90,
69,89,91,35,26,28,56,97,98,87,85,87,87,122,111,122,75,75,71,81,70,81,67,119,
122,173,164,232,258,245,274,341,366,385,409,574,613,628,647,640,645,711,761]} 
1. c4 {[%emt 0:03:53]} e5 {[%emt 0:00:30]} 2. Nc3 {[%emt 0:00:35]} Nc6 {
[%emt 0:00:22]} 3. Nf3 {[%emt 0:02:58]} Nf6 {[%emt 0:01:30]} 4. g3 {[%emt 0:00:
13]} g6 {[%emt 0:01:12]} 5. Bg2 {[%emt 0:00:15]} Bg7 {[%emt 0:00:23]} 6. O-O {
[%emt 0:00:25]} O-O {[%emt 0:00:32]} 7. d4 {[%emt 0:01:35]} exd4 {[%emt 0:05:
55]} 8. Nxd4 {[%emt 0:02:03]} Nxd4 {[%emt 0:01:26]} 9. Qxd4 {[%emt 0:00:08]} d6
{[%emt 0:00:34]} 10. Qd2 {[%emt 0:06:36]} Rb8 {[%emt 0:06:16]} 11. b3 {[%emt 0:
00:26]} Re8 {[%emt 0:01:48]} 12. Bb2 {[%emt 0:00:25]} b6 {[%emt 0:04:53]} 13.
Rfe1 {[%emt 0:05:16]} Bb7 {[%emt 0:01:28]} 14. e4 {[%emt 0:00:22]} Qd7 {
[%emt 0:01:25]} 15. Rad1 {[%emt 0:01:24]} Bc6 {[%emt 0:04:20]} 16. h3 {[%emt 0:
03:04]} a6 {[%emt 0:01:23]} 17. Nd5 {[%emt 0:01:45]} Nxd5 {[%emt 0:05:20]} 18.
cxd5 {[%emt 0:00:32]} Bb7 {[%emt 0:00:12]} 19. Bxg7 {[%emt 0:01:06]} Kxg7 {
[%emt 0:00:12]} 20. Rc1 {[%emt 0:00:31]} Rbc8 {[%emt 0:01:12]} 21. h4 {[%emt 0:
02:29]} Re7 {[%emt 0:13:44]} 22. h5 {[%emt 0:03:23]} f6 {[%emt 0:12:24]} 23.
h6+ {[%emt 0:01:02]} Kg8 {[%emt 0:00:11]} 24. Qd4 {[%emt 0:00:40]} Rf8 {
[%emt 0:00:17]} 25. Rc3 {[%emt 0:00:41]} Qg4 {[%emt 0:01:12]} 26. Rec1 {
[%emt 0:01:24]} Rff7 {[%emt 0:00:32]} 27. Qd2 {[%emt 0:00:12]} g5 {[%emt 0:01:
53]} 28. R1c2 {[%emt 0:03:12]} Qh5 {[%emt 0:00:01]} 29. Qc1 {[%emt 0:00:13]}
Qxh6 {[%emt 0:00:25]} 30. Rxc7 {[%emt 0:00:11]} Qg6 {[%emt 0:03:12]} 31. Rxe7 {
[%emt 0:09:05]} Rxe7 {[%emt 0:00:02]} 32. Rc7 {[%emt 0:00:14]} Qf7 {[%emt 0:01:
03]} 33. Rc4 {[%emt 0:02:16]} b5 {[%emt 0:02:06]} 34. Rc3 {[%emt 0:00:25]} Qg6
{[%emt 0:02:21]} 35. a4 {[%emt 0:01:54]} bxa4 {[%emt 0:01:12]} 36. bxa4 {
[%emt 0:00:07]} h6 {[%emt 0:02:39]} 37. Rb3 {[%emt 0:01:53]} Qe8 {[%emt 0:00:
40]} 38. Qb2 {[%emt 0:00:22]} Qf7 {[%emt 0:01:47]} 39. Bh3 {[%emt 0:01:01]} Qg7
{[%emt 0:05:15]} 40. Be6+ {[%emt 0:01:53]} Kh8 {[%emt 0:01:06]} 41. Qa3 {
[%emt 0:01:15]} Rc7 {[%emt 0:00:34]} 42. Qxd6 {[%emt 0:00:31]} Qe7 {[%emt 0:00:
02]} 43. Qxe7 {[%emt 0:00:11]} Rxe7 {[%emt 0:00:02]} 44. d6 {[%emt 0:00:24]}
Rxe6 {[%emt 0:00:18]} 45. d7 {[%emt 0:00:06]} 1-0

[Event "Aberto Brasil - II Niterói Chess Open "]
[Site "Salão de Convenções do Hot"]
[Date "2022.09.03"]
[Round "4.5"]
[White "Di Berardino, Diego Rafael"]
[Black "Terao, Juliana Sayumi"]
[Result "1-0"]
[WhiteElo "2464"]
[BlackElo "2223"]
[PlyCount "111"]
[EventDate "2022.09.01"]
[EventRounds "9"]
[EventCountry "BRA"]

{[%evp 0,111,24,25,25,-9,26,26,33,41,47,45,55,49,38,26,65,57,44,30,44,41,47,45,
52,40,72,70,75,74,93,101,69,78,84,91,79,80,69,79,66,79,79,87,59,91,75,87,49,80,
53,73,68,43,79,39,36,21,49,32,64,54,55,40,51,53,96,70,89,101,76,76,197,182,209,
198,198,198,194,202,202,201,201,185,185,185,191,175,162,150,162,137,129,140,
140,140,140,140,135,163,163,150,161,164,133,188,193,200,200,172,180,202,255,
255]} 1. d4 {[%emt 0:00:06]} d5 {[%emt 0:00:09]} 2. c4 {[%emt 0:00:08]} dxc4 {
[%emt 0:00:18]} 3. e3 {[%emt 0:00:19]} Nf6 {[%emt 0:00:09]} 4. Bxc4 {[%emt 0:
00:06]} e6 {[%emt 0:00:15]} 5. Nf3 {[%emt 0:00:05]} a6 {[%emt 0:00:12]} 6. O-O
{[%emt 0:00:07]} c5 {[%emt 0:00:12]} 7. Nbd2 {[%emt 0:01:28]} b5 {[%emt 0:03:
29]} 8. Be2 {[%emt 0:00:05]} Bb7 {[%emt 0:01:00]} 9. a4 {[%emt 0:00:47]} b4 {
[%emt 0:01:49]} 10. Nc4 {[%emt 0:02:39]} cxd4 {[%emt 0:09:03]} 11. Nxd4 {
[%emt 0:00:32]} Be7 {[%emt 0:00:36]} 12. Bf3 {[%emt 0:07:28]} Ra7 {[%emt 0:09:
48]} 13. b3 {[%emt 0:04:21]} O-O {[%emt 0:01:16]} 14. Bb2 {[%emt 0:00:06]} Bd5
{[%emt 0:03:09]} 15. Rc1 {[%emt 0:05:20]} Rc7 {[%emt 0:03:45]} 16. Qe2 {
[%emt 0:09:58]} Nbd7 {[%emt 0:06:42]} 17. Rfd1 {[%emt 0:09:12]} Bxc4 {[%emt 0:
11:57]} 18. Rxc4 {[%emt 0:01:41]} Rxc4 {[%emt 0:00:47]} 19. Qxc4 {[%emt 0:01:
58]} Ne5 {[%emt 0:00:20]} 20. Qe2 {[%emt 0:01:43]} Qb6 {[%emt 0:00:32]} 21. Rc1
{[%emt 0:02:07]} Bc5 {[%emt 0:12:15]} 22. g3 {[%emt 0:08:02]} Nxf3+ {[%emt 0:
03:30]} 23. Qxf3 {[%emt 0:12:10]} Nd5 {[%emt 0:04:59]} 24. Qg4 {[%emt 0:01:31]}
g6 {[%emt 0:00:36]} 25. Qe4 {[%emt 0:15:13]} Rd8 {[%emt 0:08:54]} 26. Ne2 {
[%emt 0:00:49]} Be7 {[%emt 0:02:09]} 27. Bd4 {[%emt 0:04:00]} Qb8 {[%emt 0:01:
04]} 28. Rc6 {[%emt 0:00:48]} Qb7 {[%emt 0:00:33]} 29. Rc4 {[%emt 0:01:07]} Qd7
{[%emt 0:00:28]} 30. Nf4 {[%emt 0:01:43]} Nxf4 {[%emt 0:02:36]} 31. Qxf4 {
[%emt 0:00:17]} Rc8 {[%emt 0:01:03]} 32. Rxc8+ {[%emt 0:03:02]} Qxc8 {[%emt 0:
00:05]} 33. h4 {[%emt 0:00:11]} Qc1+ {[%emt 0:02:22]} 34. Kh2 {[%emt 0:01:42]}
Qc2 {[%emt 0:00:17]} 35. e4 {[%emt 0:00:26]} Qc6 {[%emt 0:02:01]} 36. Qb8+ {
[%emt 0:00:26]} Bf8 {[%emt 0:00:08]} 37. Qe5 {[%emt 0:00:11]} f6 {[%emt 0:00:
32]} 38. Qxf6 {[%emt 0:00:05]} Qxe4 {[%emt 0:00:16]} 39. Qh8+ {[%emt 0:00:27]}
Kf7 {[%emt 0:00:06]} 40. Qxh7+ {[%emt 0:00:05]} Ke8 {[%emt 0:00:05]} 41. Be3 {
[%emt 0:03:08]} Qf5 {[%emt 0:00:19]} 42. Qh8 {[%emt 0:04:45]} Kf7 {[%emt 0:01:
33]} 43. Qd4 {[%emt 0:00:08]} Be7 {[%emt 0:00:38]} 44. Qc4 {[%emt 0:00:24]} Qd5
{[%emt 0:03:04]} 45. Qxd5 {[%emt 0:00:19]} exd5 {[%emt 0:00:06]} 46. Kg2 {
[%emt 0:00:25]} Ke6 {[%emt 0:00:30]} 47. Bd4 {[%emt 0:00:05]} Kf5 {[%emt 0:01:
06]} 48. Kf3 {[%emt 0:00:20]} Bd6 {[%emt 0:00:15]} 49. g4+ {[%emt 0:00:57]} Ke6
{[%emt 0:00:06]} 50. Ke2 {[%emt 0:01:05]} Be7 {[%emt 0:00:14]} 51. h5 {[%emt 0:
00:04]} gxh5 {[%emt 0:00:15]} 52. gxh5 {[%emt 0:00:06]} Kf5 {[%emt 0:00:13]}
53. Be3 {[%emt 0:01:44]} Ke4 {[%emt 0:00:44]} 54. f3+ {[%emt 0:00:05]} Kf5 {
[%emt 0:00:16]} 55. Kd3 {[%emt 0:00:06]} Bf6 {[%emt 0:00:08]} 56. Bd2 {[%emt 0:
01:42]} 1-0

[Event "Aberto Brasil - II Niterói Chess Open "]
[Site "Salão de Convenções do Hot"]
[Date "2022.09.03"]
[Round "4.6"]
[White "Gauche, Charles"]
[Black "Rodriguez Vila, Andres"]
[Result "0-1"]
[WhiteElo "2219"]
[BlackElo "2452"]
[PlyCount "40"]
[EventDate "2022.09.01"]
[EventRounds "9"]
[EventCountry "BRA"]

{[%evp 0,40,25,25,20,3,1,13,36,17,33,31,31,39,75,29,36,48,40,44,45,42,44,-36,
-31,-25,-43,-167,-176,-210,-256,-355,-355,-406,-501,-1016,-1286,-1327,-1380,
-1737,-1849,-1849,-1901]} 1. d4 {[%emt 0:58:19]} Nf6 {[%emt 0:00:18]} 2. c4 {
[%emt 0:00:14]} e6 {[%emt 0:00:05]} 3. Nf3 {[%emt 0:00:06]} c5 {[%emt 0:00:05]}
4. d5 {[%emt 0:02:04]} b5 {[%emt 0:00:05]} 5. dxe6 {[%emt 0:05:08]} fxe6 {
[%emt 0:01:17]} 6. cxb5 {[%emt 0:00:14]} Bb7 {[%emt 0:00:05]} 7. e3 {[%emt 0:
00:24]} d5 {[%emt 0:00:09]} 8. b3 {[%emt 0:00:47]} Nbd7 {[%emt 0:00:22]} 9. Bb2
{[%emt 0:01:11]} Bd6 {[%emt 0:00:06]} 10. Nbd2 {[%emt 0:00:46]} O-O {[%emt 0:
01:24]} 11. Nc4 {[%emt 0:02:03]} Bc7 {[%emt 0:00:18]} 12. Ncd2 {[%emt 0:08:55]}
e5 {[%emt 0:00:54]} 13. e4 {[%emt 0:00:35]} Nxe4 {[%emt 0:00:09]} 14. Nxe4 {
[%emt 0:00:57]} dxe4 {[%emt 0:00:58]} 15. Bc4+ {[%emt 0:00:03]} Kh8 {[%emt 0:
00:05]} 16. Ng1 {[%emt 0:03:18]} Ba5+ {[%emt 0:01:17]} 17. Kf1 {[%emt 0:00:29]}
Rxf2+ {[%emt 0:04:07]} 18. Kxf2 {[%emt 0:00:54]} Qh4+ 19. g3 {[%emt 0:00:59]}
e3+ {[%emt 0:00:46]} 20. Kf1 {[%emt 0:03:04]} Qf6+ {[%emt 0:00:48]} 0-1

[Event "Aberto Brasil - II Niterói Chess Open "]
[Site "Salão de Convenções do Hot"]
[Date "2022.09.03"]
[Round "4.7"]
[White "Matsuura, Everaldo"]
[Black "Luz, Arthur Nader"]
[Result "1-0"]
[WhiteElo "2437"]
[BlackElo "2199"]
[PlyCount "89"]
[EventDate "2022.09.01"]
[EventRounds "9"]
[EventCountry "BRA"]

{[%evp 0,89,25,20,20,1,33,33,37,46,39,43,33,1,25,16,29,0,10,-20,17,20,75,77,77,
55,47,53,59,92,59,61,128,107,119,124,125,132,131,143,149,128,130,123,119,135,
154,128,121,128,121,116,166,141,141,141,148,141,156,148,156,144,167,219,220,
230,230,155,217,247,290,296,339,337,339,339,425,400,453,459,459,462,469,499,
628,605,655,648,994,1272,1351,808]} 1. d4 {[%emt 0:05:24]} Nf6 {[%emt 0:00:05]}
2. c4 {[%emt 0:00:28]} g6 {[%emt 0:00:05]} 3. Nc3 {[%emt 0:01:10]} Bg7 {
[%emt 0:00:06]} 4. e4 {[%emt 0:00:48]} d6 {[%emt 0:00:06]} 5. Be2 {[%emt 0:00:
47]} O-O {[%emt 0:00:06]} 6. Be3 {[%emt 0:01:22]} e5 {[%emt 0:00:42]} 7. d5 {
[%emt 0:01:45]} Na6 {[%emt 0:00:05]} 8. h4 {[%emt 0:01:06]} Nc5 {[%emt 0:15:16]
} 9. Qc2 {[%emt 0:00:29]} a5 {[%emt 0:00:53]} 10. h5 {[%emt 0:00:31]} c6 {
[%emt 0:02:06]} 11. h6 {[%emt 0:27:22]} Bh8 {[%emt 0:00:22]} 12. Nh3 {[%emt 0:
01:09]} cxd5 {[%emt 0:14:11]} 13. cxd5 {[%emt 0:00:35]} Bxh3 {[%emt 0:21:12]}
14. Rxh3 {[%emt 0:01:05]} Rc8 {[%emt 0:03:50]} 15. f3 {[%emt 0:01:37]} Qd7 {
[%emt 0:04:29]} 16. Bb5 {[%emt 0:10:03]} Qc7 {[%emt 0:00:04]} 17. g4 {[%emt 0:
00:48]} Nfd7 {[%emt 0:01:14]} 18. Kf2 {[%emt 0:07:00]} Bf6 {[%emt 0:00:53]} 19.
Kg2 {[%emt 0:16:14]} Ra8 {[%emt 0:05:23]} 20. Rc1 {[%emt 0:01:36]} Rfc8 {
[%emt 0:00:47]} 21. Rhh1 {[%emt 0:02:31]} Qd8 {[%emt 0:09:31]} 22. Qd2 {
[%emt 0:00:22]} Qe7 {[%emt 0:03:12]} 23. Nb1 {[%emt 0:00:55]} Qd8 {[%emt 0:04:
33]} 24. Na3 {[%emt 0:00:41]} Be7 {[%emt 0:03:18]} 25. Rc3 {[%emt 0:02:30]} b6
{[%emt 0:07:01]} 26. Bc6 {[%emt 0:02:11]} Rab8 {[%emt 0:00:08]} 27. Nb5 {
[%emt 0:01:11]} Nf6 {[%emt 0:01:09]} 28. Rc4 {[%emt 0:02:43]} Kh8 {[%emt 0:02:
48]} 29. b3 {[%emt 0:00:27]} Ng8 {[%emt 0:00:48]} 30. Qc2 {[%emt 0:02:18]} Bf6
{[%emt 0:00:34]} 31. a3 {[%emt 0:00:34]} Ne7 {[%emt 0:00:04]} 32. b4 {[%emt 0:
00:50]} Na6 {[%emt 0:01:07]} 33. Rd1 {[%emt 0:04:42]} Kg8 {[%emt 0:00:21]} 34.
Qf2 {[%emt 0:01:33]} Bh8 {[%emt 0:00:41]} 35. Na7 {[%emt 0:00:50]} b5 {[%emt 0:
00:22]} 36. Bxb5 {[%emt 0:01:41]} Rxc4 {[%emt 0:00:02]} 37. Bxc4 {[%emt 0:00:
06]} Nc7 {[%emt 0:00:24]} 38. b5 {[%emt 0:00:45]} Na8 {[%emt 0:00:22]} 39. Nc6
{[%emt 0:00:25]} Nxc6 {[%emt 0:00:10]} 40. dxc6 {[%emt 0:00:05]} Bf6 {[%emt 0:
00:14]} 41. Ba7 {[%emt 0:00:43]} Bh4 {[%emt 0:01:12]} 42. Qd2 {[%emt 0:00:13]}
Rc8 {[%emt 0:00:15]} 43. Qxd6 {[%emt 0:00:23]} Qg5 {[%emt 0:00:04]} 44. Bxf7+ {
[%emt 0:01:21]} Kh8 {[%emt 0:01:03]} 45. Be3 {[%emt 0:00:16]} 1-0